00214nam a2200073Ia 4500008004100000082000800041100001700049245007400066240331s9999 xx 000 0 und d bVEE aVeeraman, K, 0aAccording to Law we are still Shudras-But how? :bA socio-legal study